Szczegóły MARC21

Przewodnik po językoznawstwie polskim /

003 -Nazwa inst., której nr kontr. jest w polu 001 [,]
    • @
    • Nazwa instytucji, której n kontrolny jest w polu 001
    • NUKAT
005 -DATA I CZAS OSTATNIEJ MODYFIKACJI [,]
    • @
    • pole kontrolne
    • 20241231110612.0
040 -Instytucja sporządzająca opis [ , ]
    • a
    • Instytucja, która sporządziła opis (NP)
    • LUBL M/IK
    • c
    • Instytucja, która sporządziła rekord (NP)
    • LUBL M/IK
    • d
    • Instytucja, która zmodyfikowała rekord (P)
    • LUBL M/IKs
    • d
    • Instytucja, która zmodyfikowała rekord (P)
    • LUBL M/JD
    • d
    • Instytucja, która zmodyfikowała rekord (P)
    • Ł U/AG
942 -Rodzaj dokumentu [ , ]
    • c
    • Rodzaj dokumentu
    • Książka
100 -Hasło główne - nazwa osobowa [1, ]
    • a
    • Nazwa osobowa (NP)
    • Handke, Kwiryna
    • d
    • Daty biograficzne (NP)
    • (1932-2021).
    • 9
    • KHW
    • 40441
245 -Strefa tytułu i oznaczenia odpowiedzialności [1,0]
    • a
    • Tytuł
    • Przewodnik po językoznawstwie polskim / Find
    • c
    • Pozostałe elementy strefy tytułu i oznaczenia odpowiedzialności (NP)
    • Kwiryna Handke, Ewa Rzetelska-Feleszko.
260 -Strefa adresu wydawniczego [ , ]
    • a
    • Miejsce wydania (P)
    • Wrocław :
    • b
    • Nazwa wydawcy (P)
    • Zakład Narodowy im. Ossolińskich. Wydaw.,
    • c
    • Data wydania (P)
    • 1977.
300 -Strefa opisu fizycznego [ , ]
    • a
    • Określenie formy książki i/lub objętość (NP)
    • 474 s. ;
    • c
    • Format (NP)
    • 25 cm.
336 -Typ zawartości [ , ]
    • a
    • Termin opisujący typ zawartości
    • Tekst
    • b
    • Kod określający zawartość
    • txt
    • 2
    • Źródło (terminu i kodu)
    • rdacontent
337 -Typ mediów [ , ]
    • a
    • Tryb odtwarzania
    • Bez urządzenia pośredniczącego
    • b
    • Kod typu mediów
    • n
    • 2
    • Źródło (terminu i kodu)
    • rdamedia
338 -Typ/rodzaj nośnika [ , ]
    • a
    • Hasło opisujące typ nośnika
    • Wolumin
    • b
    • Kod typu nośnika
    • nc
    • 2
    • Źródło (terminu i kodu)
    • rdacarrier
490 -Strefa serii i książki wielotomowej - forma nie do wyszukiwania [1, ]
    • a
    • Tytuł (P)
    • Vademecum Polonisty Find
830 -Hasło dodatkowe serii i opisu książki wielotomowej - tytuł ujednolicony/tytuł [ ,0]
    • a
    • Tytuł ujednolicony/tytuł (NP)
    • Vademecum Polonisty
    • x
    • ISSN
    • 1896-5970
    • 9
    • KHW
    • 9189
504 -Uwaga dot. bibliogr. załącznikowej [ , ]
    • a
    • Uwaga dot. bibliografii załącznikowej
    • Bibliogr. s. 255-453. Indeks.
650 -Hasło przedmiotowe [ ,7]
    • a
    • Hasło przedmiotowe
    • Językoznawstwo
    • z
    • Określnik geograficzny
    • Polska.
    • 2
    • Źródło terminu
    • kaba
    • 9
    • KHW
    • 383018
650 -Hasło przedmiotowe [ ,7]
    • a
    • Hasło przedmiotowe
    • Językoznawstwo
    • z
    • Określnik geograficzny
    • Polska
    • v
    • Określnik formalny
    • bibliografia.
    • 2
    • Źródło terminu
    • kaba
    • 9
    • KHW
    • 424853
650 -Hasło przedmiotowe [ ,7]
    • a
    • Hasło przedmiotowe
    • Język polski.
    • 2
    • Źródło terminu
    • kaba
    • 9
    • KHW
    • 113425
650 -Hasło przedmiotowe [ ,7]
    • a
    • Hasło przedmiotowe
    • Język polski
    • v
    • Określnik formalny
    • bibliografia.
    • 2
    • Źródło terminu
    • kaba
    • 9
    • KHW
    • 397810
700 -Hasło dodatkowe - nazwa osobowa [1, ]
    • a
    • Nazwa osobowa (NP)
    • Rzetelska-Feleszko, Ewa Find
    • d
    • Daty biograficzne (NP)
    • (1932-2009).
    • 9
    • KHW
    • 1559
710 -Hasło dodatkowe - nazwa ciała zbiorowego [2, ]
    • a
    • Nazwa ciała zbiorowego lub nazwa geograficzna jako pierwszy element (NP)
    • Zakład Narodowy im. Ossolińskich.
    • b
    • Nazwa jednostki podrzędnej (P)
    • Wydawnictwo.
    • 4
    • Kod relacji
    • pbl
    • 9
    • KHW
    • 54188
Obwoluta Sygnatura Lokalizacja Data inwentaryzacji Numer inwentarzowy Status udost.
 Z.27308BG1997-01-01Z.273082
  BG1997-01-01W.63498-3
  BG2004-08-05W.63500-3
  BG2004-08-05W.63501-3
  BG2004-08-05W.63502-3
  BG2004-08-05W.63503-3
  BG2004-08-05W.63504-3
  BG2004-08-05W.64028-3
  BG2004-08-05W.64029-3
  BG2004-08-05W.63499-3
1 BM2018-11-19Q.2091
  BM1997-01-01P.9611
 POL. Językoznawstwo 03BM1997-01-01R.5931
 4/H-22BNS ANS.1280891